China's economic development from the ages of comprehensive reforms and opening-up

Bibliográfiai részletek
Szerző: Cai Jing
Dokumentumtípus: Cikk
Megjelent: Budapesti Gazdasági Egyetem 2023
Sorozat:Multidiszciplináris Kihívások, Sokszínű Válaszok 2023 No. 1
Tárgyszavak:
mtmt:https://doi.org/10.33565/MKSV.2023.01.01
Kulcsszavak:Kínai gazdasági fejlődés
Regionális gazdaságelemzés
Makroökonómia
Online Access:http://publikaciotar.uni-bge.hu/2521

MARC

LEADER 00000nab a2200000 i 4500
001 publ2521
005 20260306115538.0
008 260306s2023 hu o 000 zxx d
022 |a 2630-886X 
024 |a https://doi.org/10.33565/MKSV.2023.01.01  |2 doi 
040 |a BGE Publikációtár Repozitórium  |b hun 
100 1 |a Cai Jing 
245 1 0 |a China's economic development from the ages of comprehensive reforms and opening-up  |c Cai Jing  |h [elektronikus dokumentum] 
260 |a Budapesti Gazdasági Egyetem  |c 2023 
300 |a 3-36 
490 0 |a Multidiszciplináris Kihívások, Sokszínű Válaszok  |v 2023 No. 1 
520 3 |a Amióta Kína meghirdette a reform és nyitás alpolitikáját, a gazdasági fejlődés tekintetében kínai sajátosságokkal rendelkező szocialista gazdasági fejlődési utat hozott létre. Ebben az időszakban Kína gyors gazdasági növekedést tapasztalt, és ezzel párhuzamosan mélyengyökerező konfliktusok kerültek előtérbe. Ezért Kínának át kell alakítania gazdasági fejlődésénekirányát a még nagyobb gazdasági növekedés érdekében. Ebben a tanulmányban a szerző a szakirodalmi áttekintés módszerével tekinti át a Kína gazdasági fejlődésével kapcsolatos cikkeket (nemzetközi és hazai tudományos folyóiratok) 1949 és 2023 között, leírja Kína jelenlegi gazdasági fejlődését, és elemzi a Kína előtt álló lehetőségeket és kihívásokat a gazdasági fejlődés szempontjából. A kínai kormány a tudomány és technológia innovációvezérelt fejlesztésére összpontosít, és a kínai gazdaság gyors gazdasági növekedés helyett a kínai gazdaság magas színvonalú fejlesztését kívánja elérni. Ezért a szerző úgy véli, hogy Kína gazdasági fejlődésének jövőbeli iránya a kormányzati makrogazdasági politikai szabályozás felhasználásával a digitális gazdaság fejlődésének erőteljes előmozdítása mellett fog dönteni. Emellett a kormányzati hatóságok nagyobb figyelmet fognak fordítani a fenntartható fejlődésre. 
650 4 |a közgazdaságtudományok 
695 |a Kínai gazdasági fejlődés 
695 |a Regionális gazdaságelemzés 
695 |a Makroökonómia 
856 4 0 |u https://publikaciotar.uni-bge.hu/id/eprint/2521/1/11470-Cikk%20sz%C3%B6veg-54022-1-10-20231002.pdf  |z Dokumentum-elérés